| 000 | 03419nam0a2200409 4500 | ||
|---|---|---|---|
| 001 | RU\NLR\BIBL_A\012814065 | ||
| 005 | 20230324100051.0 | ||
| 010 |
_a978-5-93618-299-0 _9300 |
||
| 021 |
_aRU _bКН-П-22-017748 _9КН-П-22-1530 |
||
| 035 | _a(NLR Aleph) 012814065 | ||
| 035 | _a(RuMoRGB)011015379 | ||
| 090 |
_a13217522 _c13217522 |
||
| 100 | _a20220608d2021 u y0rusy50 ca | ||
| 101 | 0 | _arus | |
| 102 | _aRU | ||
| 105 | _aa z 000|y | ||
| 181 | 0 |
_ai3 _baxxe |
|
| 182 | 1 | _an | |
| 200 | 1 |
_aТерминальная деструкция через призму скулшутинга _fСундиев И. Ю., Фролов А. Б |
|
| 203 |
_aТекст _bвизуальный _cнепосредственный |
||
| 210 |
_aМосква _cИнститут экономических стратегий _d2021 |
||
| 215 |
_a128 с. _cил., цв. ил., табл. _d21 |
||
| 320 | _aБиблиогр.: с. 116-128 (128 назв.) | ||
| 330 | _aКнига посвящена анализу терминальной деструкции - новой формы глобальной гибридной войны, при которой используется не столько M Bоружие, направленное на физическое уничтожение людей и материальных ценностей, сколько иные виды оружия: когнитивное, информационное, организационное, социальное, - направленные на трансформацию структуры личности человека. Терминальная деструкция осуществляется с помощью глобальных цифросетевых структур, формирующих тематические группы деструктивной направленности. Явление терминальной деструкции анализируется на примере одной из ее форм - скулшутинга (расстрелов в школах и колледжах), т. е. модерации через цифросетевые ресурсы регулярных и географически разнесенных террористических акций, широко освещаемых в традиционных и новых медиа | ||
| 606 | 1 |
_aМолодежь _xОтклоняющееся поведение _xСоциально-психологические исследования _2nlr_sh2 _3RU\NLR\AUTH\661468392 |
|
| 606 | 1 |
_aINTERNET, глобальная информационная сеть _xПсихологическое воздействие на молодежь _2nlr_sh2 _3RU\NLR\AUTH\6601617781 |
|
| 606 | 1 |
_aМолодежный экстремизм _xКриминологические исследования _yРоссийская Федерация _2nlr_sh2 _3RU\NLR\AUTH\6601583220 |
|
| 686 | 1 | _aС550.325.1 | |
| 686 | 1 | _aЮ937.42 | |
| 686 | 1 | _aС550.57 | |
| 686 | 1 | _aХ628.322.112.11 | |
| 700 | 1 |
_aСундиев _bИ. Ю. _gИгорь Юрьевич _3RU\NLR\AUTH\770142998 |
|
| 701 | 1 |
_aФролов _bА. Б. _fсоциолог _gАндрей Борисович _3RU\NLR\AUTH\770142996 |
|
| 942 | _cBOOK | ||
| 980 | _aNB | ||